• 首页
  • 本馆介绍
  • 公告通知
  • 最新文献
  • 馆藏检索
  • 电子资源
  • 读者导购
  • 参考咨询
  • 我的图书馆
  • 登录
  • 详细信息显示
  • 放入我的书架
  • 预约/预借图书
  • 作者相关作品
  • 分类相关作品
  • 丛书相关作品
  • 出版社相关作品

书目信息

  • 表格格式
  • 工作单格式
  • 卡片格式
题名:
盒式录象机的使用与维修
    
 
作者: 比特 著 ;张永辉 , 李军 , 曲知非 译
分册:  
出版信息: 北京   科学出版社  1983
页数: 336页
开本: 19cm
丛书名:
单 册:
中图分类: TN646
科图分类:
主题词: 电声器件
电子资源:
ISBN:
000 00701nam0 2200241 45
001 0405180992
005 20040518091922.3
010    @dCNY1.35
091    @a15031.484
100    @a20040518d1983 km y0chiy0120 ea
101 0  @achi@ceng
105    @a z 000yy
200 1  @a盒式录象机的使用与维修@AHe Shi Lu Xiang Ji De Shi Yong Yu Wei Xiu@f(美)H.比特著@F(Mei)H.Bi Te Zhu@g张永辉,李军,曲知非译
210    @a北京@c科学出版社@d1983
215    @a336页@d19cm
606 0  @a电声器件
690    @aTN646@v3
701  0 @a比特@4著
702  0 @a张永辉@AZhang Yong Hui@4译
702  0 @a李军@ALi Jun@4译
702  0 @a曲知非@AQu Zhi Fei@4译
801    @aCN@bTSTCL@c20040518
905    @f1@b91375@dTN646@e18
    
    盒式录象机的使用与维修/(美)H.比特著/张永辉,李军,曲知非译.-北京:科学出版社,1983
    336页;19cm
    
    
    ISBN :CNY1.35
    
●
相关链接 在E读中查询图书 在五车中查询图书 在当当中查询图书 在豆瓣中查询图书


正题名:盒式录象机的使用与维修     索取号:TN646/18         预约/预借

序号 登录号 条形码 馆藏地/架位号 状态 备注
1 0091375   001354144   第三借阅区/ [索取号:TN646/18] 在馆    
2 0091376   202108272   第二样本阅览室/ [索取号:TN646/18] 在馆    
唐山师范学院图书馆 欢迎您!
大连网信软件有限公司© 版权所有